000 00360nam a2200157Ia 4500
003 Ost
005 20260225132553.0
008 260225s9999||||xx |||||||||||||| ||und||
040 _cfsic
041 _afre
082 _a440
100 _aFadhila Yahiaoui
_eAuteur
245 0 _aRoman et soçieté coloniale /
245 0 _cFadhila Yahiaoui
942 _cكتاب
999 _c34280
_d34280